[Event "GER T293-C07-S email"]
[Site "GER email"]
[Date "2019.06.01"]
[Round "?"]
[White "Rulfs, Ernst August"]
[Black "Feldt, Klaus Juergen"]
[Result "1-0"]
[WhiteElo "2045"]
[BlackElo "1186"]
[PlyCount "91"]
[EventDate "2019.06.07"]
[EventType "tourn (corr)"]
[EventRounds "8"]
[EventCountry "GER"]
[SourceTitle "Corr 2022"]
[Source "ChessBase"]
[SourceDate "2021.10.24"]
[SourceVersion "1"]
[SourceVersionDate "2021.10.24"]
[SourceQuality "1"]

1. e4 e6 2. d4 d5 3. Nd2 c5 4. exd5 Qxd5 5. Ngf3 cxd4 6. Bc4 Qd6 7. 0-0 Nf6 8. Re1 Nc6 9. Nb3 Bd7 10. Qe2 Be7 11. Bg5 a6 12. Bh4 b5 13. Bg3 Qb4 14. Bd3 0-0 15. a3 Qa4 16. Bh4 Rac8 17. Bxf6 gxf6 18. Qe4 f5 19. Qf4 Rcd8 20. g4 f6 21. gxf5 e5 22. Qh6 Rf7 23. Kh1 Bf8 24. Rg1+ Kh8 25. Qh5 Be8 26. Qg4 Ne7 27. Nc5 Qa5 28. Ne6 h5 29. Qh3 Bc6 30. Rae1 Rc8 31. Be4 Qb6 32. Nfg5 fxg5 33. Rxg5 Bg7 34. Qxh5+ Kg8 35. Nxg7 Rxg7 36. Rxg7+ Kxg7 37. Rg1+ Kf6 38. f3 Rf8 39. Qh6+ Kf7 40. Qe6+ Ke8 41. Rg7 Qc7 42. f6 Bxe4 43. Rxe7+ Kd8 44. fxe4 Qxe7 45. Qxe7+ Kc8 46. Qxf8+ 1-0

[Event "GER rap17 FSM/V02 email"]
[Site "GER email"]
[Date "2018.05.25"]
[Round "?"]
[White "Rulfs, Ernst August"]
[Black "Guenther, Rainer"]
[Result "1-0"]
[WhiteElo "2062"]
[BlackElo "1364"]
[PlyCount "35"]
[EventDate "2018.06.12"]
[EventType "tourn (corr)"]
[EventRounds "4"]
[EventCountry "GER"]
[SourceTitle "Corr 2020"]
[Source "ChessBase"]
[SourceDate "2019.09.30"]
[SourceVersion "1"]
[SourceVersionDate "2019.09.30"]
[SourceQuality "1"]

1. e4 e5 2. Nf3 Nc6 3. d4 exd4 4. Bc4 Be7 5. Nxd4 Nf6 6. Nc3 Ne5 7. Bb3 d6 8. f4 Bg4 9. Qd2 Nc6 10. Nxc6 bxc6 11. f5 d5 12. e5 Nh5 13. Qf2 Bh4 14. g3 Bg5 15. Qc5 Bxf5 16. Bxg5 Qxg5 17. Qxc6+ Ke7 18. Nxd5+ 1-0